Services marketing (Record no. 1490767)

MARC details
000 -LEADER
fixed length control field 00271nam a22001217a 4500
003 - CONTROL NUMBER IDENTIFIER
control field OSt
005 - DATE AND TIME OF LATEST TRANSACTION
control field 20260116105734.0
008 - FIXED-LENGTH DATA ELEMENTS--GENERAL INFORMATION
fixed length control field 260116b |||||||| |||| 00| 0 eng d
040 ## - CATALOGING SOURCE
Transcribing agency fms
100 ## - MAIN ENTRY--PERSONAL NAME
Personal name Zeithaml
9 (RLIN) 898158
245 ## - TITLE STATEMENT
Title Services marketing
942 ## - ADDED ENTRY ELEMENTS (KOHA)
Source of classification or shelving scheme Colon Classification (CC)
Koha item type General Books
Suppress in OPAC No

No items available.

Copyright @ Delhi University Library System